| 000 | 00720nam a2200217 a 4500 | ||
|---|---|---|---|
| 001 | 13382 | ||
| 003 | BD-JhCC | ||
| 005 | 20230915100741.0 | ||
| 008 | 171017s20072023bg |||| ||a| 000 0 ben d | ||
| 020 | _a9789843332878 | ||
| 035 | _a(BD-JhCC)13382 | ||
| 040 |
_aBD-JhCC _dBD-JhCC |
||
| 041 | _abengali | ||
| 082 |
_a001 _bHOS 2023 |
||
| 100 | _a হোসেন, ড. মো. শাহনেওয়াজ | ||
| 245 |
_aMP3 দৈনন্দিন বিজ্ঞান / _cড. মো. শাহনেওয়াজ হোসেন । |
||
| 260 |
_aঢাকা : _bএমপি ৩ পাবলিকেশন; _c২০২৩. |
||
| 300 |
_a322 p. : _c22 cm. |
||
| 650 | _aGeneral Knowledge | ||
| 942 |
_2ddc _cBK |
||
| 999 |
_c13382 _d13382 |
||